| 000 | 00671nam a2200217Ii 4500 | ||
|---|---|---|---|
| 003 | JO-AjNU | ||
| 008 | 230606s9999||||xx |||||||||||||| ||und|| | ||
| 020 | _a0-07-005414-2 | ||
| 040 |
_aJO-AjNU _beng _erda _cJO-AjNU |
||
| 041 | _aeng | ||
| 050 | 1 | 4 | _aHF5636 .B165 1996 |
| 100 | 3 |
_aBaker,Richard E / Lembke,Valdean C / King,Thomas E, _eauthor _93155 |
|
| 245 | 0 | 0 | _aAdvanced Financial Accounting |
| 250 | _a3 ed | ||
| 264 | 3 | 1 | _aNew York : Mc Graw Hill ,1996 |
| 300 |
_a1299p _b Includes indexes(p1289-1299) |
||
| 336 |
_atext _btxt _2rdacontent |
||
| 337 |
_aunmediated _bn _2rdamedia |
||
| 338 |
_avolume _bnc _2rdacarrier |
||
| 650 | 4 |
_aFinancial Accounting _93156 |
|
| 999 |
_aE1653 _c1653 _d1653 |
||